Phenomenological model of the unstable stage of a vacuum spark discharge; Technical Physics; Vol. 54, № 10

書誌詳細
Parent link:Technical Physics
Vol. 54, № 10.— 2009.— P. 1446-1453
第一著者: Barengolts S. A.
その他の著者: Mesyats G. A. Gennady Andreyevich, Perelstein E. A.
要約:В фонде НТБ ТПУ отсутствует
言語:英語
出版事項: 2009
主題:
フォーマット: MixedMaterials 図書の章
KOHA link:https://koha.lib.tpu.ru/cgi-bin/koha/opac-detail.pl?biblionumber=596909

MARC

LEADER 00000naa0a2200000 4500
001 596909
005 20250127093138.0
035 |a (RuTPU)RU\TPU\tpu\19969 
090 |a 596909 
100 |a 20110908d2009 k||y0rusy50 ba 
101 0 |a eng 
102 |a RU 
200 1 |a Phenomenological model of the unstable stage of a vacuum spark discharge  |f S. A. Barengolts, G. A. Mesyats, E. A. Perelstein 
320 |a References: p. 1453 (23 tit.) 
333 |a В фонде НТБ ТПУ отсутствует 
461 |t Technical Physics 
463 |t Vol. 54, № 10  |v P. 1446-1453  |d 2009 
610 1 |a труды учёных ТПУ 
700 1 |a Barengolts  |b S. A. 
701 1 |a Mesyats  |b G. A.  |c russian physicist  |c academican, vice-president of RAS  |c graduate of Tomsk Polytechnic Institute  |f 1936-  |g Gennady Andreyevich  |3 (RuTPU)RU\TPU\pers\28088  |4 070 
701 1 |a Perelstein  |b E. A. 
801 1 |a RU  |b 63413507  |c 20110908 
942 |c CR